Border of Russia - Languages ​​Update - Statistics

General Stats
  • This quiz has been taken 14 times
  • The average score is 13 of 14
Answer Stats
Km Countries % Correct
6846 Kazakhstan
100%
3485 Mongolia
100%
1576 Ukraine
100%
284 Azerbaijan
92%
959 Belarus
92%
4250 China
92%
1340 Finland
92%
723 Georgia
92%
232 Latvia
92%
19 North Korea
92%
217 Poland
92%
294 Estonia
85%
280 Lithuania
85%
196 Norway
85%
No matching quizzes found
Score Distribution
Percent of People with Each Score
Percentile by Number Answered
Your Score History
You have not taken this quiz